Once More - d4vd Lyrics - Statistics

General Stats
  • This quiz has been taken 6 times
  • The average score is 102 of 119
Answer Stats
lyric % Correct
a
100%
again
100%
and
100%
And
100%
as
100%
can't
100%
don't
100%
forever,
100%
I
100%
I'm
100%
is
100%
it
100%
it's
100%
love
100%
maybe
100%
more
100%
my
100%
no
100%
not
100%
on
100%
once
100%
the
100%
three
100%
times
100%
to
100%
up
100%
we
100%
were
100%
words
100%
you
100%
able
67%
anymore
67%
back
67%
because
67%
breaking
67%
but
67%
'cause
67%
ever
67%
fable
67%
floor
67%
head
67%
heart
67%
if
67%
in
67%
know
67%
leave
67%
million
67%
mind
67%
move
67%
off
67%
picking
67%
put
67%
replays
67%
said
67%
say
67%
should
67%
skull?
67%
some
67%
stapled
67%
take
67%
taped
67%
that's
67%
torn
67%
watching
67%
will
67%
huh
33%
No matching quizzes found
Score Distribution
Percent of People with Each Score
Percentile by Number Answered
Your Score History
You have not taken this quiz